Las cartas de Juan

Kaydedildi:
Detaylı Bibliyografya
Yazar: Morgen, Michele (autora)
Materyal Türü: Kitap
Dil:İspanyolca
Baskı/Yayın Bilgisi: Pamplona Verbo Divino 1988
Seri Bilgileri:Cuadernos Bíblicos, 62
Konular:
Etiketler: Etiketle
Etiket eklenmemiş, İlk siz ekleyin!

MARC

LEADER 00000nam a2200000 a 4500
001 UCX4562
003 CL-VaPUC
008 920612e19880000SP |||||||||||||||||spa|d
082 0 4 |a 227.94  |b MOR  |2 21 
100 |a Morgen, Michele  |e autora  |9 320760 
245 1 4 |a Las cartas de Juan 
300 |a 71 p 
942 |c BK 
945 |d 19920612 00:00:00 
260 |a Pamplona  |b Verbo Divino  |c 1988 
650 0 |a Biblia  |9 257603 
583 |a last modification  |c 20120709 10:51:19  |k Rodrigo Vera 
490 0 |a Cuadernos Bíblicos, 62 
999 |c 224996  |d 224994 
952 |0 0  |1 0  |4 0  |6 227_940000000000000_MOR_1988  |7 0  |8 A  |9 222137  |a BIBTEO  |b BIBTEO  |d 2019-11-15  |i 2909782  |o 227.94 MOR 1988  |p 2909782  |r 2025-01-17  |w 2019-11-15  |y BK  |k ICR